000 00214 a2200097 4500
001 42289
100 _aLobley P
245 _aMaking Children's Fancy Dress
260 _a
_bFaber & Faber
_c
090 _c26252
_d26252
942 _aNUST-CAE
_cM
_c18061
999 _c277362
_d277362